000
00254nam a2200097 4500
999
_c
522515
_d
522515
082
_a
I5135x54444 AR/2/2
100
_a
Government of karnataka
_9
37701
245
_a
Second administrative reforms commission-2
260
_a
Bengaluru
_c
2022
300
_a
218p.